Mastermind Lyrics (Helluva Boss) - Statistics

General Stats
  • This quiz has been taken 211 times
  • The average score is 289 of 367
Answer Stats
Answer % Correct
a
99%
A
99%
I
99%
...I
99%
(I
99%
imp
98%
the
98%
he
96%
(He
96%
master
95%
of
94%
so
94%
So
94%
Do
93%
mastermind
91%
mastermind,
91%
on
91%
you
91%
You
91%
you,
91%
am
90%
be
90%
who,
90%
Who
90%
it
89%
it-)
89%
It
89%
this,
88%
this
88%
this!)
88%
as
87%
is
87%
plan
87%
your
87%
Your
87%
crime
86%
my
86%
that
86%
That
86%
to
86%
heard
84%
and
83%
came
83%
could
83%
Could
83%
me
83%
mind
83%
what
83%
(What
83%
can
82%
Does
82%
kind
82%
Some
82%
are
81%
deserve
81%
devilish
81%
don't
81%
(don't
81%
down
81%
have
81%
heart.)
81%
just
81%
No
81%
no
81%
was
81%
blame?
80%
blame
80%
behind
79%
(Like
79%
little
79%
Little
79%
love
79%
for
78%
man!
78%
Or
78%
soon
78%
ask?)
77%
else
77%
life
77%
You're
77%
(You're
77%
accused
76%
by
76%
done?)
76%
idiot?
76%
law.
76%
law-)
76%
more
76%
regrets!
76%
regrets...
76%
someone
76%
Why
76%
free
75%
light
75%
light.
75%
next?
75%
next
75%
doing,
74%
live
74%
sublime?
74%
without
74%
world
74%
all
73%
can't
73%
(Fuck
73%
his
73%
in
73%
our
73%
such
73%
freedom
72%
Hell
72%
book
71%
confess!
71%
it's
71%
one
71%
Only
71%
side
71%
side)
71%
strings!
71%
than
71%
away
70%
brain,
70%
fate!
70%
if
70%
race?
70%
too
70%
would
70%
aware...!
69%
dead
69%
death
69%
design
69%
flame?
69%
fool
69%
grand
69%
here
69%
late!)
69%
Let
69%
let
69%
mine
69%
must
69%
oh,
69%
realized
69%
see,
69%
stood
69%
take
69%
We
69%
execute
68%
fire
68%
had
68%
half
68%
thought
68%
disaster-
67%
rather
67%
when
67%
close
66%
give
66%
keeps
66%
simple
66%
throwing
66%
Will
66%
alive
65%
apart!
65%
hearts
65%
make
65%
pay
65%
price...!
65%
use
65%
case?
64%
rest?
64%
knows
63%
name
63%
plot
63%
stings!
63%
back,
62%
caught
62%
concoct
62%
worm
62%
breach
61%
clean
61%
may
61%
Prince
61%
schemes
61%
Stolas.
61%
unleash
61%
bear...
60%
fame
60%
golden
60%
holds
60%
mastermind-ery?
60%
Pat
60%
schemer
60%
slate!
60%
slate!)
60%
angel's
59%
demon.
59%
fall.
59%
scheming
59%
break
58%
hand
58%
mice,
58%
roaming
58%
rules
58%
small
58%
villain's
58%
plans
57%
been
56%
I'll
56%
isn't
56%
look
56%
stars
56%
wrought!
56%
endless
55%
wretch?
55%
before
54%
own...
54%
betrayed
53%
Goetic
53%
dark
52%
shined,
52%
Well,
52%
adorable?
51%
I've
51%
long
51%
has
50%
ruled
50%
since
50%
better
49%
rend
47%
Sure
46%
gotten
43%
hubris
41%
yourselves
35%
No matching quizzes found
Score Distribution
Percent of People with Each Score
Percentile by Number Answered
Your Score History
You have not taken this quiz